01568nam a2200337 a 4500001001200000003000800012006001900020007001500039008004100054020001800095020002700113040002100140035002100161050002200182245014400204260003400348300002500382490006100407504005100468505018800519533015200707610002300859650004500882650003100927655002900958700001900987710001701006830006201023856012601085999001901211ebr10486785CaPaEBRm u cr cn|||||||||110818s2011 enkad sb 001 0 eng d z9781848854697 z9780857719485 (e-book) aCaPaEBRcCaPaEBR a(OCoLC)74496117414aD723b.I58 2011eb00aInternationalism reconfiguredh[electronic resource] :btransnational ideas and movements between the World Wars /cedited by Daniel Laqua. aLondon :bI.B. Tauris,c2011. axvii, 255 p. :bill.1 aInternational library of twentieth century history ;v34 aIncludes bibliographical references and index.0 apt. A. Infrastructures and ideas of internationalism -- pt. B. The League of Nations and the efforts of non-state actors -- pt. C. The transnational and national contexts of advocacy. aElectronic reproduction.bPalo Alto, Calif. :cebrary,d2013.nAvailable via World Wide Web.nAccess may be limited to ebrary affiliated libraries.20aLeague of Nations. 0aTransnationalismxHistoryy20th century. 0aWorld politicsy1919-1932. 7aElectronic books.2local1 aLaqua, Daniel.2 aebrary, Inc. 0aInternational library of twentieth century history ;v34.40uhttp://site.ebrary.com/lib/rucke/Doc?id=10486785zAn electronic book accessible through the World Wide Web; click to view c228036d228036